<?xml version="1.0" encoding="UTF-8"?>
<marc:record xmlns:marc="http://www.loc.gov/MARC21/slim">
   <marc:leader>00000nam a2200000 a 4500</marc:leader>
   <marc:datafield ind1="1" ind2=" " tag="100">
      <marc:subfield code="a">Follett, Ken</marc:subfield>
      <marc:subfield code="4">aut</marc:subfield>
      <marc:subfield code="e">Verfasser/-in</marc:subfield>
   </marc:datafield>
   <marc:datafield ind1=" " ind2=" " tag="653">
      <marc:subfield code="a">Krieg</marc:subfield>
   </marc:datafield>
   <marc:datafield ind1=" " ind2=" " tag="653">
      <marc:subfield code="a">USA</marc:subfield>
   </marc:datafield>
   <marc:datafield ind1=" " ind2=" " tag="653">
      <marc:subfield code="a">Vereinigte Staaten Amerika</marc:subfield>
   </marc:datafield>
   <marc:datafield ind1=" " ind2=" " tag="653">
      <marc:subfield code="a">China</marc:subfield>
   </marc:datafield>
   <marc:datafield ind1=" " ind2=" " tag="653">
      <marc:subfield code="a">Agenten</marc:subfield>
   </marc:datafield>
   <marc:datafield ind1=" " ind2=" " tag="653">
      <marc:subfield code="a">Konflikt</marc:subfield>
   </marc:datafield>
   <marc:datafield ind1=" " ind2=" " tag="653">
      <marc:subfield code="a">Präsident</marc:subfield>
   </marc:datafield>
   <marc:datafield ind1=" " ind2=" " tag="653">
      <marc:subfield code="a">Autor &lt;Amerika&gt;</marc:subfield>
   </marc:datafield>
   <marc:datafield ind1="0" ind2="0" tag="245">
      <marc:subfield code="a">Never - die letzte Entscheidung</marc:subfield>
   </marc:datafield>
   <marc:datafield ind1="0" ind2="0" tag="245">
      <marc:subfield code="b">Roman</marc:subfield>
   </marc:datafield>
   <marc:datafield ind1=" " ind2="1" tag="264">
      <marc:subfield code="b">Lübbe</marc:subfield>
      <marc:subfield code="c">2021</marc:subfield>
   </marc:datafield>
   <marc:datafield ind1="1" ind2=" " tag="520">
      <marc:subfield code="a">In der Sahara folgen westliche Geheimdienstagenten der Spur mächtiger Drogenschmuggler. Die Amerikanerin Tamara und ihr französischer Kollege Tab gehören zu ihnen. Für ihre Liebe riskieren sie ihre Karriere - und im Einsatz für ihr Land ihr Leben. Nicht weit entfernt macht sich die junge Witwe Kiah mit Hilfe von Schleusern auf den Weg nach Europa. Als sie sich gegen Übergriffe verteidigen muss, hilft ihr ein Mitreisender. Doch er scheint nicht zu sein, was er vorgibt.
In China kämpft der hohe Regierungsbeamte Chang Kai gegen die kommunistischen Hardliner. Er hat ehrgeizige Pläne, und er befürchtet, dass die Kriegstreiberei seiner Widersacher das Land und dessen Verbündeten Nordkorea auf einen Weg leitet, der keine Umkehr zulässt.
In den USA führt Pauline Green, die erste Präsidentin des Landes, ihre Amtsgeschäfte souverän und bedacht. Sie wird alles tun, was in ihrer Macht steht, um zu verhindern, dass die USA in einen unnötigen Krieg eintreten müssen. Doch wenn ein aggressiver Akt zum nächsten führt, wenn alle diplomatischen Mittel ausgereizt sind, die letzte Entscheidung gefallen ist - wer kann dann noch das Unvermeidliche verhindern?</marc:subfield>
   </marc:datafield>
   <marc:datafield ind1=" " ind2=" " tag="020">
      <marc:subfield code="a">9783785727775</marc:subfield>
      <marc:subfield code="9">9783785727775</marc:subfield>
   </marc:datafield>
</marc:record>
